000
00381nam a2200169Ia 4500
005
20250508161748.0
008
008 250505s9999 xx 000 0 eng d
037
_a
Periodicals
040
_a
FEDL
_b
eng
_c
FEDL
041
_a
eng
_2
eng
084
_q
FEDL
245
0
_a
Science today Vols.
260
_c
1973
490
_v
Vol. 4
942
_c
CR
999
_c
1372003
_d
1372003